00681 2200205 4500001002100000005001700021008004100038020001800079035002500097090001800122100002600140245013100166250001100297260003200308300003600340650005300376850001200429990001700441990001700458YOGYA-1010000000218420150623090907.0 ind  a979-3333-88-X a0010-101000000002184 a346.082 Ans P aAnshori, Abdul Ghofur aPayung hukum perbankan syariah : (uu di bidang perbankan, fakta DSN, MUI, DAN PERATURAN BANK INDONESIA)cAnshori, Abdul Ghofur aCet. 1 aYogyakartabUII Pressc2007 axii, 519 hlm . ; 23 cm. (2 eks) aBank dan perbankan - undang-undang dan peraturan aYOPDYOG a1383-KS/B.10 a1384-KS/B.10